Parole Comme des enfants - Coeur de Pirate - Statistiques

Statistiques générales
  • Ce quiz a été pris 65 fois
  • Le résultat moyen est 256 sur 291
Statistiques - réponses
% Correct
à
97%
À
97%
comme
97%
de
97%
Et
97%
et
97%
encore
95%
Encore
95%
enfant
95%
fort
95%
je
95%
la
95%
me
95%
moi
95%
plus
95%
t'aime
95%
tu
95%
il
92%
Il
92%
m'aime
92%
peu
92%
que
92%
tout
92%
un
92%
Alors
89%
te
89%
vois
89%
ça
87%
grand
87%
Le
87%
Mais
87%
se
87%
casse-tête
84%
ce
84%
Ton
84%
crie
82%
des
82%
enfants
82%
ne
82%
rien
82%
rire
82%
traites
82%
Avant
79%
cœur
79%
Déjà
79%
deviens
79%
jamais
79%
lâcher
79%
nos
79%
nous
79%
toi
79%
arrêter
76%
autant
76%
du
76%
main
76%
naïvement
76%
n'avons
76%
on
76%
part
76%
tes
76%
assez
74%
bonheur
74%
Car
74%
d'abandonner
74%
est
74%
laisse
74%
lèvres
74%
perdre
74%
prend
74%
qu'on
74%
risquer
74%
S'en
74%
t'en
74%
ces
71%
coté
71%
crient
71%
demanderai
71%
m'aimes
71%
têtes
71%
vies
71%
aux
68%
mêle
68%
pas
68%
toucher
68%
C'est
66%
c'est
66%
décidé
66%
ensemble
66%
marche
66%
pourra
66%
d'un
63%
facile
63%
faire
63%
malgré
63%
rêver
63%
dur
61%
prise
61%
sans
58%
qu'autrement
53%
dédoublements
45%
Aucun quiz correspondant
Distribution des résultats
% des personnes avec chaque résultat
Percentile par nombre de réponses
Votre historique - résultats
Vous n’avez pas pris ce quiz